000 00397nam a2200133 i 4500
001 190105
003 ES-MaACL
005 20230906223637.0
008 200729s1853 sp |||| | spa d
110 0 _aEspaƱa.
_bMinisterio de Gracia y Justicia.
_93873
245 1 0 _aReglamento interior del Ministerio de Gracia y Justicia.
260 _aMadrid :
_b[s.n.],
_c1853.
852 _aES-MaACL
_jT-801-F-6
999 _c190105
_d190105